000 00307nam a22001337a 4500
082 _a823
_bJAI/U
100 _aJAI/KULDEEP
245 _aTHE UGLY DUCKLINGS
246 _aTHE UGLY DUCKLINGS
_bTHE UGLY DUCKLINGS
260 _aNEW DELHI
_bPEGASUS
_c2025
300 _a16
650 _aENGLISH STORY
942 _cBK
999 _c9156
_d9156